| 000 | 00901nam a2200205 i 4500 | ||
|---|---|---|---|
| 001 | 185614 | ||
| 003 | ES-MaACL | ||
| 005 | 20250825050720.0 | ||
| 008 | 160728s1920 sp |||| | spa d | ||
| 100 | 1 |
_aCampo, A. del. _9160227 |
|
| 245 | 1 | 3 |
_aLa tabla de interpolación de Ridberg y el cálculo de las series espectrales / _cpor A. del Campo y M. Catalán. |
| 260 |
_aMadrid : _bJunta para Ampliación de Estudios e Investigaciones Científicas. Instituto Nacional de Ciencias, _c1920. |
||
| 300 |
_a13 p. ; _c22 cm. |
||
| 490 | 1 |
_aTrabajos del Laboratorio de Investigaciones Físicas. Memorias de información ; _v5 |
|
| 700 | 1 |
_aCatalán, Miguel A., _d1894-1957 _937026 |
|
| 710 | 2 |
_aInstituto Nacional de Ciencias Físico-Naturales. _95145 |
|
| 830 | 1 | 0 |
_aTrabajos del Laboratorio de Investigaciones Físicas _v5 _9192351 |
| 852 | 4 |
_aES-MaACL _jB-13198(5) |
|
| 999 |
_c185614 _d185614 |
||